Loading...
| Philosophy | 0 | 5 | 0 | 2 | 50 | 48 | 81.80 | 0 | 2 | 0.00 | 0.00 |
| Science - Physics | 0 | 5 | 0 | 0 | 50 | 21 | 58.40 | 2 | 3 | 0.00 | 0.00 |
| Fine Arts - Other | 0 | 4 | 0 | 1 | 40 | 63 | 91.75 | 0 | 2 | 0.00 | 0.00 |
| Social Science | 0 | 4 | 0 | 2 | 40 | 60 | 77.25 | 0 | 2 | 0.00 | 0.00 |
| Science - Other | 0 | 4 | 1 | 1 | 35 | 19 | 40.25 | 4 | 4 | 0.00 | 0.00 |
| Mythology | 0 | 3 | 0 | 1 | 30 | 71 | 85.67 | 0 | 0 | 0.00 | 0.00 |
| Literature - European | 0 | 2 | 0 | 2 | 20 | 100 | 107.00 | 0 | 0 | 0.00 | 0.00 |
| Fine Arts - Painting and Sculpture | 0 | 2 | 0 | 0 | 20 | 84 | 98.50 | 0 | 0 | 0.00 | 0.00 |
| Fine Arts - Classical Music | 0 | 3 | 3 | 1 | 15 | 105 | 108.67 | 0 | 0 | 0.00 | 0.00 |
| Religion | 0 | 1 | 0 | 1 | 10 | 114 | 114.00 | 0 | 0 | 0.00 | 0.00 |
| History - Other | 0 | 1 | 0 | 0 | 10 | 70 | 70.00 | 0 | 1 | 0.00 | 0.00 |
| Geography | 0 | 1 | 0 | 0 | 10 | 37 | 37.00 | 1 | 1 | 0.00 | 0.00 |